| 000 | 00598cam a2200181 4500500 | ||
|---|---|---|---|
| 005 | 20260405001307.0 | ||
| 041 | _afre | ||
| 042 | _adc | ||
| 100 | 1 | 0 |
_aBello, Walden _eauthor |
| 245 | 0 | 0 | _aWalden Bello: “J’ai voulu cracher aux visages des économistes et technocrates” |
| 260 | _c2012. | ||
| 500 | _a95 | ||
| 690 | _aDémondialisation | ||
| 690 | _aEurêka | ||
| 690 | _aWalden Bello | ||
| 786 | 0 | _nPhilosophie magazine | 60 | 6 | 2012-06-01 | p. 41-42 | 1951-1787 | |
| 856 | 4 | 1 | _uhttps://shs.cairn.info/magazine-philosophie-magazine-2012-6-page-41?lang=fr&redirect-ssocas=7080 |
| 999 |
_c2046060 _d2046060 |
||